LIBRARY ONLINE CATALOGUE

The Norton anthology of American literature. Volume 1. (Record no. 6024)

MARC details
000 -LEADER
fixed length control field 00595cam a22002052 4500
001 - CONTROL NUMBER
control field 0000002809
005 - DATE AND TIME OF LATEST TRANSACTION
control field 20151217151905.0
008 - FIXED-LENGTH DATA ELEMENTS--GENERAL INFORMATION
fixed length control field 070420s xx 000 0 eng d
020 ## - INTERNATIONAL STANDARD BOOK NUMBER
International Standard Book Number 039395871X :
040 ## - CATALOGING SOURCE
Original cataloging agency KABU
Transcribing agency KABU
050 #0 - LIBRARY OF CONGRESS CALL NUMBER
Classification number PS507
Item number .N67 1998
245 14 - TITLE STATEMENT
Title The Norton anthology of American literature. Volume 1.
250 ## - EDITION STATEMENT
Edition statement 5th ed.
260 ## - PUBLICATION, DISTRIBUTION, ETC. (IMPRINT)
Place of publication, distribution, etc. New York :
Name of publisher, distributor, etc. W. W. Norton,
Date of publication, distribution, etc. 1998.
300 ## - PHYSICAL DESCRIPTION
Extent xxix, 2611 p.
650 #0 - SUBJECT ADDED ENTRY--TOPICAL TERM
Topical term or geographic name as entry element American Literature
General subdivision Literary collections.
-- 0000152321
908 ## - PUT COMMAND PARAMETER (RLIN)
Put command parameter 070420
950 ## - LOCAL HOLDINGS (RLIN)
-- 1
Holdings
Withdrawn status Lost status Source of classification or shelving scheme Not for loan Home library Current library Date acquired Total Checkouts Full call number Barcode Date last seen Date last checked out Price effective from Koha item type
    Library of Congress Classification   Kabarak, Main Campus Kabarak, Main Campus 17/12/2015 1 PS507 .N671998 004524 21/03/2025 08/03/2025 17/12/2015 General Collection